Propuesta para la elaboración de criterios de cobertura geografica para negocios de biodiversidad y apoyo al mercado de actividades de mercado a nivel de Colombia (Registro nro. 6483)

Detalles MARC
000 -CABECERA
Campo de control 01239nam a2200229 a 4500
005 - FECHA Y HORA DE LA ULTIMA TRANSACCION
Campo de control 20200104041610.0
008 - ELEMENTOS DE LONGITUD FIJA—INFORMACION GENERAL
Campo de control 140129b2006 ck ||||| |||| 00| 0 spa d
041 ## - IDIOMA
Código de idioma para texto/pista de sonido o título separado Español
044 ## - PAÍS DE PUBLICACIÓN
País de publicación Colombia
090 ## - CLASIFICACIÓN LOCAL
Colección IAVH
Consecutivo 00949
100 ## - ASIENTO PRINCIPAL--NOMBRE PERSONAL
Nombre personal Vieira M., María Isable
245 ## - MENCION DE TITULO
Título Propuesta para la elaboración de criterios de cobertura geografica para negocios de biodiversidad y apoyo al mercado de actividades de mercado a nivel de Colombia
260 ## - PUBLICACION, DISTRIBUCION, ETC. (PIE DE IMPRENTA)
Lugar de publicación, distribución, etc. Bogotá
Nombre del editor, distribuidor, etc. Instituto Alexander von Humboldt
Fecha de publicación, distribución, etc. 2006
300 ## - DESCRIPCION FISICA
Extensión 74 p.
520 ## - NOTA DE RESUMEN, ETC.
Nota de resumen Este artículo pertenece a la publicación adelantada en el marco del proyecto šFacilitación de financiamiento para negocios basados en la biodiversidad y apoyo a actividades de desarrollo de mercados en la región Andina š; define y propone una metodología para la identificación de áreas geográficas prioritarias con potencial de producción y comercialización de recursos, que se enmarquen en las actividades desarrolladas por Biocomercio en el país.
650 ## - ASIENTO SECUNDARIO DE MATERIA - TERMINO TEMATICO
Término temático o nombre geográfico como elemento de entrada Biocomercio
650 ## - ASIENTO SECUNDARIO DE MATERIA - TERMINO TEMATICO
Término temático o nombre geográfico como elemento de entrada Metodología
650 ## - ASIENTO SECUNDARIO DE MATERIA - TERMINO TEMATICO
Término temático o nombre geográfico como elemento de entrada Areas prioritarias de producción y comercialización
700 ## - ASIENTO SECUNDARIO - NOMBRE PERSONAL
Nombre personal Quiceno M., María Paula
942 ## - ELEMENTOS ADICIONALES (KOHA)
Tipo de ítem CD-ROM
Sistema de clasificación Local
945 ## - PROCESAMIENTO LOCAL
AAAA-MM-DD - Fecha de ingreso o modificacion 2008-08-25
Existencias
Withdrawn status Lost status Sistema de Clasificación Damaged status No para préstamo Colección Inventariado Ubicación Permanente Ubicación actual Fecha de adquisición Total Checkouts Número topográfico Inventario / Código de Barras Date last seen Ejemplar Price effective from Forma de adquisición Tipo de material
    Local     Humboldt Inventariado 2017 Bogotá Bogotá 25/08/2008   IAVH-00949 026315 09/08/2024 Ej. 1 04/12/2012   Informe Técnico